000
00298 a2200133 4500
000
nam a22 7a 4500
100
_a
Muskan
110
_a
Muskan
245
_a
Food packaging
250
_a
Latest edition
260
_b
CBS Publication
_c
2026
264
_b
CBS Publication
_c
2026
942
_c
BK
999
_c
395614
_d
395614